1242 1988 1178 1954 1184 1550 1476 1975 1445 1320 1837 1381 1549 1810 1251 1595 1196 1415 1667 1015 1980 1176 1707 1125 1274 1914 1985 1319 1559 1633 1889 1305 1811 1459 1089 1329 1040 1525 1657 1900 1094 1041 1107 1613 1490 1477 1474 1463 1502 1763 1397 1660 1597 1186 1835 1185 1899 1007 1588 1672 1866 1456 1930 1624 1842 1023 1479 1677 1869 1329 1949 1631 1741 1852 1258 1407 1672 1463 1783 1033 1474 1864 1741 1028 1403 1312 1873 1198 1581 1943 1573 1963 1213 1846 1513 1621 1937 1940 1025 BCNSPRNW ULIB Ver.6.0+V

เปลี่ยนเป็นภาษาไทย

Change to English
 แสดงรายละเอียดบรรณานุกรม
  กลับหน้าหลัก

Brief Record : Get Marc (ISO 2709) : E-mail record : QR code < ปิดหน้าต่าง
LEADER : 00000nam 2200000uu 4500
001    13399128255
003     ULIB
008    220826s2564||||th 000 0 tha d
020    ^a9786160042241
050    ^aนว.^bณ429ท
100  0 ^aณารา
245  1 ^aทัณฑ์รักพยาบาท /^cณารา
250    ^aพิมพ์ครั้งที่ 1
260    ^aกรุงเทพฯ :^bพิมพ์คำ,^c2564
300    ^a479 หน้า
650    ^aนวนิยายไทย
945    ^p330^l0^i29450
999    ^aกัณชพร จุลอักษร
รายการนี้ยังไม่มีแท็ก
คุณยังไม่ได้ล็อกอิน คุณสามารถมีกิจกรรมร่วมกับเว็บไซต์ได้ แต่ต้องล็อกอินก่อน ::
  ล็อกอิน

รายการสื่อสารสนเทศ

ลำดับที่ ประเภท เลขเรียก/บาร์โค้ด สถานที่ สถานะ
1. วิทยาศาสตร์การแพทย์ และสุขภาพ
วิทยาศาสตร์การแพทย์ และสุขภาพ
นว. ณ429ท ฉ.1 
  Barcode: 29450
ห้องสมุดวิทยาเขตนครสวรรค์
►นวนิยาย:l:Fiction
บนชั้น

รายการใกล้เคียง
    ผู้แต่ง [ณารา]

    หัวเรื่อง [นวนิยายไทย]

BibComment


ยังไม่เคยถูกคอมเมนท์

คอมเมนท์ทรัพยากรรายการนี้
  คอมเมนท์: ทัณฑ์รักพยาบาท ..


 Copyright 2026. Bcnsprnw @Library